Pays ayant remportés la LDC - Statistiques

Statistiques générales
  • Ce quiz a été pris 4 042 fois
  • Le résultat moyen est 8 sur 10
Statistiques - réponses
Classement NB de finales gagnés Réponse % Correct
1 18 Espagne
100%
2 14 Angleterre
99%
7 1 France
99%
3 12 Italie
99%
4 8 Allemagne
98%
6 4 Portugal
94%
5 6 Pays-Bas
90%
7 1 Ecosse
57%
7 1 Roumanie
51%
7 1 Serbie
49%
Aucun quiz correspondant
Distribution des résultats
% des personnes avec chaque résultat
Percentile par nombre de réponses
Votre historique - résultats
Vous n’avez pas pris ce quiz